Hypotekárny boom, motor alebo časovaná hrozba nášho hospodárstva?
Stručný prierez poslednou dekádou vývoja svetového hospodárskeho priestoru. Trend úverovania: Od ochoty zadlžiť sa po davovú psychózu. Centrálne banky ako nositelia menovej politiky.
Gespeichert in:
| 1. Verfasser: | |
|---|---|
| Format: | Buchkapitel |
| Sprache: | Slowakisch |
| Schlagworte: | |
| Tags: |
Keine Tags, Fügen Sie das erste Tag hinzu!
|
MARC
| LEADER | 00000naa a2200000 4500 | ||
|---|---|---|---|
| 001 | 0257280 | ||
| 005 | 20240717114056.0 | ||
| 041 | 0 | |a slo | |
| 044 | |a SK | ||
| 245 | 1 | 0 | |a Hypotekárny boom, motor alebo časovaná hrozba nášho hospodárstva? |c Igor Dvornický |
| 520 | |a Stručný prierez poslednou dekádou vývoja svetového hospodárskeho priestoru. Trend úverovania: Od ochoty zadlžiť sa po davovú psychózu. Centrálne banky ako nositelia menovej politiky. | ||
| 610 | 2 | 0 | |a stabilita finančná |
| 610 | 2 | 0 | |a domácnosti |
| 610 | 2 | 0 | |a zadlženosť |
| 100 | 1 | |a Dvornický, Igor, 1985- | |